| Tag |
First Indicator |
Second Indicator |
Subfields |
| LEADER |
00000cam a2200000 4500 |
| 001 |
in00000080208 |
| 005 |
20151008060855.0 |
| 008 |
740410s1900 gw 00000 germd |
| 010 |
|
|
|z 20013815 x
|
| 035 |
|
|
|a (OCoLC)00853052
|
| 035 |
|
|
|9 AAJ6783AM
|
| 040 |
|
|
|c TOL
|d m.c.
|d TXA
|d UtOrBLW
|
| 049 |
|
|
|a TXAM
|c 1 [1015854], 2 [339198]
|
| 090 |
|
|
|a PT287
|b K6
|
| 100 |
1 |
|
|a Kommerell, Max,
|d 1902-1944.
|
| 245 |
1 |
4 |
|a Der Dichter als Fuhrer in der deutschen Klassik ;
|b Klopstock, Herder, Goethe, Schiller, Jean Paul, Holderlin.
|
| 250 |
|
|
|a 2. Aufl.
|
| 264 |
|
1 |
|a Frankfurt am Main :
|b Klostermann,
|c [date of publication not identified]
|
| 300 |
|
|
|a 483 pages ;
|c 25 cm.
|
| 336 |
|
|
|a text
|b txt
|2 rdacontent
|
| 337 |
|
|
|a unmediated
|b n
|2 rdamedia
|
| 338 |
|
|
|a volume
|b nc
|2 rdacarrier
|
| 600 |
1 |
0 |
|a Klopstock, Friedrich Gottlieb,
|d 1724-1803.
|
| 600 |
1 |
0 |
|a Herder, Johann Gottfried,
|d 1744-1803.
|
| 600 |
1 |
0 |
|a Goethe, Johann Wolfgang von,
|d 1749-1832
|x Friends and associates.
|
| 600 |
1 |
0 |
|a Schiller, Friedrich,
|d 1759-1805.
|
| 600 |
0 |
0 |
|a Jean Paul,
|d 1763-1825.
|
| 600 |
1 |
0 |
|a Hölderlin, Friedrich,
|d 1770-1843.
|
| 650 |
|
0 |
|a German literature
|y 18th century
|x History and criticism.
|
| 710 |
1 |
|
|a Blatter fur der Kunst.
|
| 999 |
|
|
|a MARS
|
| 999 |
f |
f |
|s d33b6335-00f0-3598-86f6-569c1c9ffc1a
|i 468df61d-af55-3171-89b5-7bacb7fbef95
|t 0
|
| 952 |
f |
f |
|p ric
|a Texas A&M University
|b Rellis Campus
|c Joint Library Facility
|d Remote Storage
|t 0
|e PT287 K6
|h Library of Congress classification
|i unmediated -- volume
|m A14806193793
|
| 952 |
f |
f |
|p normal
|a Texas A&M University
|b College Station
|c Sterling C. Evans Library
|d Evans: Library Stacks
|t 0
|e PT287 K6
|h Library of Congress classification
|i unmediated -- volume
|m A14804138420
|
| 998 |
f |
f |
|a PT287 K6
|t 0
|l Evans: Library Stacks
|
| 998 |
f |
f |
|a PT287 K6
|t 0
|l Remote Storage
|